[Event "Challenge from SchemingMind"]
[Site "http://www.queenalice.com/game.php?id=20"]
[Date "2004.6.8"]
[Round "-"]
[White "Austin"]
[Black "miguel"]
[Result "0-1"]
[WhiteElo "1100"]
[BlackElo "1040"]

1. e4 e5 2. Nf3 Nc6 3. Be2 Nf6 4. O-O Nxe4 5. d4 d6 6. Bb5 Bf5 7. Nc3 a6 8. Ba4
b5 9. Bb3 Be7 10. Bd5 Qd7 11. Nxe4 Bxe4 12. Bxe4 d5 13. Bxh7 Rxh7 14. dxe5 O-O-O
15. a4 b4 16. Qd3 Nb8 17. Qxd5 Qxd5 18. Re1 g5 19. Bxg5 Bxg5 20. Nxg5 Rg8 21.
Re4 Rxg5 22. Rae1 Qe6 23. R1e3 Rh3 24. Re2 Qh6 25. f4 Rg7 0-1

[Event "Challenge from SchemingMind"]
[Site "http://www.queenalice.com/game.php?id=28"]
[Date "2004.6.9"]
[Round "-"]
[White "Austin"]
[Black "swayne"]
[Result "0-1"]
[WhiteElo "870"]
[BlackElo "1100"]

1. g3 d5 2. Bg2 e5 3. Nf3 e4 4. Ne5 Qf6 5. Ng4 Bxg4 6. Nc3 Bc5 7. O-O Nc6 8.
Nxd5 Qd6 9. Nc3 a6 10. Nxe4 Qe7 11. Nxc5 Qxc5 12. h4 O-O-O 13. c3 Nf6 14. d4 Qc4
15. f3 Be6 0-1

[Event "QA-01-INT"]
[Site "http://www.queenalice.com/game.php?id=730"]
[Date "2004.9.15"]
[Round "1"]
[White "uncas"]
[Black "Austin"]
[Result "1-0"]
[WhiteElo "1448"]
[BlackElo "813"]

1. e4 e5 2. Bc4 Nf6 3. d3 Bc5 4. Nf3 b6 5. Nxe5 O-O 6. a3 d5 7. exd5 Re8 8. d4
Bxd4 9. Qxd4 Nc6 10. Qf4 Rxe5+ 11. Kd1 Re4 12. Qd2 Rxc4 13. dxc6 Rd4 14. f3
Rxd2+ 15. Bxd2 a5 16. Re1 Ba6 17. Nc3 Qd6 18. Kc1 Qxh2 19. b3 Qxg2 20. Ne4 Qxf3
21. Kb2 Nxe4 22. Re3 Qf6+ 23. Ka2 Nxd2 24. Rae1 Re8 25. Rxe8# 1-0

[Event "QA-01-INT"]
[Site "http://www.queenalice.com/game.php?id=731"]
[Date "2004.9.15"]
[Round "1"]
[White "Austin"]
[Black "uncas"]
[Result "1-0"]
[WhiteElo "813"]
[BlackElo "1448"]

1. d4 c6 2. c4 b5 3. cxb5 cxb5 4. e4 Nf6 5. Bxb5 a6 6. Bd3 Nc6 7. Nf3 d5 8. e5
Ne4 9. O-O f6 10. Qc2 Nb4 11. Qa4+ Bd7 12. Qxb4 e6 13. Qb7 fxe5 14. dxe5 Bc5 15.
Bxe4 dxe4 16. Qxe4 O-O 17. Ng5 g6 18. Nc3 Qb6 19. Qh4 Rad8 20. Qxh7# 1-0

[Event "QA-01-INT"]
[Site "http://www.queenalice.com/game.php?id=1428"]
[Date "2004.10.26"]
[Round "2"]
[White "Alopinto"]
[Black "Austin"]
[Result "1-0"]
[WhiteElo "1477"]
[BlackElo "985"]

1. e4 e5 2. Nf3 Nf6 3. Nc3 Nc6 4. d4 exd4 5. Nd5 Nxe4 6. Qe2 f5 7. Ng5 d3 8.
cxd3 Nd4 9. Qh5+ g6 10. Qh4 c6 11. dxe4 Nc2+ 12. Kd1 Nxa1 13. exf5 cxd5 14. Qd4
h6 15. Qxh8 hxg5 16. fxg6 Qe7 17. Bd3 Qg7 18. Re1+ Kd8 19. Bxg5+ Kc7 20. Qxg7
Bxg7 21. Re7 Bxb2 22. g7 Bxg7 23. Rxg7 b5 24. Bf6 a6 25. Bxa1 Bb7 26. h4 1-0

[Event "QA-01-INT"]
[Site "http://www.queenalice.com/game.php?id=1429"]
[Date "2004.10.26"]
[Round "2"]
[White "Austin"]
[Black "Alopinto"]
[Result "0-1"]
[WhiteElo "1062"]
[BlackElo "1603"]

1. g3 Nf6 2. Bg2 g6 3. e4 d6 4. Nc3 c5 5. d3 Nc6 6. Nh3 Bg7 7. O-O O-O 8. f4 Rb8
9. Be3 Ng4 10. Bd2 Bd4+ 11. Kh1 Ne3 12. Bxe3 Bxe3 13. f5 Bd4 14. Nb5 Bg7 15.
fxg6 fxg6 16. Rxf8+ Qxf8 17. c3 a6 18. e5 axb5 19. Qb3+ Kh8 20. exd6 Bxh3 21.
Bxh3 exd6 22. Qxb5 Qe8 23. Bg2 Ne5 24. Qxe8+ Rxe8 25. Re1 Re7 26. d4 cxd4 27.
cxd4 Nc6 28. Rxe7 Nxe7 29. Bxb7 Bxd4 30. b4 Nf5 31. a4 Bc3 32. b5 Ba5 33. Kg2
Kg7 34. h4 h6 35. Be4 Kf6 36. Bxf5 Kxf5 37. Kf3 h5 38. Kg2 Kg4 0-1

[Event "QA-01-INT"]
[Site "http://www.queenalice.com/game.php?id=1434"]
[Date "2004.10.26"]
[Round "2"]
[White "jcm"]
[Black "Austin"]
[Result "0-1"]
[WhiteElo "1286"]
[BlackElo "1062"]

1. d4 Nc6 2. Nf3 d5 3. e3 e6 4. c4 Bb4+ 5. Nc3 Nf6 6. Bd3 O-O 7. O-O dxc4 8.
Bxc4 b6 9. Ne2 Bb7 10. a3 Be7 11. Ng3 Na5 12. Bd3 Bd5 13. Bc2 Bxf3 14. Qxf3 Qd5
15. Qd1 Rad8 16. Re1 c5 17. b4 cxb4 18. axb4 Bxb4 19. Rf1 Qd6 20. Nh5 Nxh5 21.
Qxh5 f5 22. e4 fxe4 23. Bxe4 g6 24. Qg4 Qxd4 25. Rb1 Rxf2 26. Qxe6+ Rf7+ 27. Kh1
Qc4 28. Qxc4 Nxc4 29. Bh6 Rxf1+ 30. Rxf1 Nd2 31. Rd1 Rd4 32. Bb7 Kf7 33. Be3 Rd3
34. Bxd2 Bxd2 35. Rf1+ Ke7 36. g3 h5 37. Be4 Rd4 38. Bxg6 a5 39. Bxh5 a4 40. Bd1
b5 41. Rf5 Bc3 42. Be2 a3 43. Rf3 a2 0-1

[Event "QA-01-INT"]
[Site "http://www.queenalice.com/game.php?id=1435"]
[Date "2004.10.26"]
[Round "2"]
[White "Austin"]
[Black "jcm"]
[Result "1-0"]
[WhiteElo "985"]
[BlackElo "1278"]

1. e4 c5 2. Nf3 Nc6 3. d4 cxd4 4. Nxd4 d6 5. Nxc6 bxc6 6. Nc3 Nf6 7. e5 Nd7 8.
exd6 exd6 9. Be2 Be7 10. O-O O-O 11. b3 Nf6 12. Re1 d5 13. Bf4 Qb6 14. Na4 Qb7
15. Bd3 Bb4 16. c3 Ba5 17. b4 Bc7 18. Bxc7 Qxc7 19. Nc5 h6 20. Qc2 Ng4 21. h3
Qh2+ 22. Kf1 Qh1+ 23. Ke2 Re8+ 24. Kd2 1-0

[Event "QA-ANNIV-01"]
[Site "http://www.queenalice.com/game.php?id=15319"]
[Date "2005.6.4"]
[Round "1"]
[White "Austin"]
[Black "davihulse"]
[Result "1-0"]
[WhiteElo "1119"]
[BlackElo "1530"]

1. e4 e5 2. Nf3 Nc6 3. Bb5 Nge7 4. O-O a6 5. Ba4 b5 6. Bb3 a5 7. d3 a4 8. Bd5
Bb7 9. Nxe5 Nxe5 10. Bxb7 Ra7 11. Bd5 c6 12. Be3 Rc7 13. f4 N5g6 14. f5 Ne5 15.
d4 cxd5 16. dxe5 dxe4 17. f6 gxf6 18. exf6 Nc8 19. Nc3 Rc4 20. Rf5 Nd6 21. Re5+
Be7 22. Qxd6 Rc6 23. Rxe7+ Kf8 24. Bh6+ Kg8 25. Qg3# 1-0

[Event "QA-ANNIV-01"]
[Site "http://www.queenalice.com/game.php?id=29001"]
[Date "2005.9.16"]
[Round "2"]
[White "salva9001"]
[Black "Austin"]
[Result "1-0"]
[WhiteElo "1907"]
[BlackElo "1119"]

1. Nf3 Nf6 2. d4 g6 3. g3 Bg7 4. Bg2 O-O 5. O-O b6 6. Ne5 d5 7. c4 Bb7 8. Nc3 e6
9. Bg5 h6 10. Bxf6 Bxf6 11. Rc1 a5 12. cxd5 exd5 13. Qb3 c6 14. Na4 Bxe5 15.
dxe5 Ba6 16. Rfe1 b5 17. Nc5 Qg5 18. e6 a4 19. Qc3 Bc8 20. exf7+ Rxf7 21. e4
dxe4 22. Nxe4 Qe7 23. Nc5 Qf8 24. Ne6 Bxe6 25. Rxe6 Kh7 26. Be4 Rg7 27. Qd3 Qf7
28. Rd6 Ra7 29. a3 Rd7 30. Bxc6 Rxd6 31. Qxd6 Nxc6 32. Rxc6 Qf5 33. Qb4 Rd7 34.
Rc1 g5 35. Re1 h5 36. Qe4 Qxe4 37. Rxe4 Kg6 38. Re5 Rb7 39. Kg2 b4 40. Re4 bxa3
41. bxa3 Ra7 42. h4 Ra5 43. f3 gxh4 44. Rxh4 Kf6 45. Rf4+ Ke6 46. Kh3 Kd6 47.
Kh4 Ke6 48. Rb4 Kf6 49. Rb6+ Ke7 50. f4 Kd7 51. Rg6 Rd5 52. Ra6 1-0

[Event "QA-ANNIV-01"]
[Site "http://www.queenalice.com/game.php?id=77993"]
[Date "2006.6.18"]
[Round "3"]
[White "Austin"]
[Black "mikaio"]
[Result "1-0"]
[WhiteElo "1119"]
[BlackElo "2047"]

1. c4 Nf6 2. Nf3 e6 3. Nc3 b6 4. e4 Bb4 5. e5 Bxc3 6. dxc3 Ne4 7. Bd3 Bb7 8. O-O
O-O 9. Qc2 f5 10. exf6 Nxf6 11. Ng5 h6 12. Bh7+ Kh8 13. Be4 Nxe4 14. Nxe4 Qh4
15. f3 d6 16. Be3 Nd7 17. Qf2 Qh5 18. Ng3 Qg6 19. Rad1 Ne5 20. Qe2 Ba6 21. b3
Rad8 22. Rd4 d5 23. Bxh6 gxh6 24. Qxe5+ Qg7 25. Qxe6 Rfe8 26. Qc6 dxc4 27. Nh5
Qg5 28. f4 Qxh5 29. Rxd8 Rxd8 30. Qf6+ Kh7 31. Qe7+ Kg8 32. Qxd8+ Kg7 33. Re1
Qc5+ 34. Kh1 Kf7 35. Qd7+ 1-0

[Event "QA-ANNIV-01"]
[Site "http://www.queenalice.com/game.php?id=90922"]
[Date "2006.7.31"]
[Round "4"]
[White "jagvg"]
[Black "Austin"]
[Result "0-1"]
[WhiteElo "1828"]
[BlackElo "1119"]

1. e4 Nc6 2. Nf3 d6 3. d4 Nf6 4. Nc3 Bg4 5. Bb5 a6 6. Bxc6+ bxc6 7. O-O g6 8.
Qd3 Bg7 9. Bg5 O-O 10. Rae1 h6 11. h3 Bxf3 12. Bxf6 Bxg2 13. Kxg2 Bxf6 14. f4 e6
15. e5 Bh4 16. Rd1 dxe5 17. fxe5 c5 18. Rf4 Rb8 19. b3 cxd4 20. Rxd4 Qg5+ 21.
Rg4 Rbd8 22. Qe2 Qe7 23. Qxa6 h5 24. Rxd8 Rxd8 25. Rc4 Qg5+ 26. Kh1 Qc1+ 27. Kg2
Rd2+ 28. Kf3 Rf2+ 29. Ke4 Qf4+ 30. Kd3 Rd2# 0-1

[Event "QA-ANNIV-01"]
[Site "http://www.queenalice.com/game.php?id=106365"]
[Date "2006.9.15"]
[Round "5"]
[White "trompmaster"]
[Black "Austin"]
[Result "1-0"]
[WhiteElo "1905"]
[BlackElo "1119"]

1. d4 Nf6 2. Bg5 h6 3. Bh4 g5 4. Bg3 Ng4 5. e3 d6 6. h3 Nf6 7. Bd3 Nc6 8. c3 e5
9. Nd2 exd4 10. exd4 Qe7+ 11. Qe2 Be6 12. Ngf3 O-O-O 13. O-O Nh5 14. Nh2 Nxg3
15. fxg3 Bg7 16. Rfe1 Rhe8 17. Qd1 Qd7 18. g4 Ne7 19. a4 Kb8 20. Qc2 Ng6 21.
Bxg6 fxg6 22. Qxg6 Re7 23. Qc2 Rf8 24. Nhf3 Rfe8 25. b4 Bf7 26. b5 Rxe1+ 27.
Rxe1 Rxe1+ 28. Nxe1 Be6 29. Nef3 c5 30. Ne4 cxd4 31. cxd4 Bd5 32. Qd3 Qc7 33.
Ned2 Qc1+ 34. Kh2 Qc7 35. Qf5 Bf7 36. d5 Qe7 37. Ne4 Bg8 38. Ng3 b6 39. Nh5 Bc3
40. Qd3 Ba5 41. Qd4 Bh7 42. Qh8+ Kb7 43. Nf6 Bg6 44. Ng8 Qf8 45. Qxh6 Qxh6 46.
Nxh6 Be4 47. Nxg5 Bxd5 48. Nf5 Kc7 49. Nd4 Bc3 50. Nge6+ Kd7 51. Nf4 1-0

[Event "QA-ANNIV-01"]
[Site "http://www.queenalice.com/game.php?id=150507"]
[Date "2007.1.5"]
[Round "7"]
[White "Maxwell"]
[Black "Austin"]
[Result "1-0"]
[WhiteElo "2052"]
[BlackElo "1119"]

1. d4 Nf6 2. c4 e6 3. Nc3 Bb4 4. Qc2 O-O 5. a3 Ba5 6. b4 Nc6 7. e3 Nxb4 8. axb4
Bxb4 9. Bd3 d5 10. Bd2 dxc4 11. Bxc4 c6 12. Nf3 a5 13. O-O b5 14. Bd3 h6 15.
Rfb1 Bd6 16. Ne4 Nxe4 17. Bxe4 Bd7 18. Ne1 Qc7 19. g3 e5 20. Nd3 exd4 21. exd4
Rfe8 22. Nc5 Bxc5 23. dxc5 b4 24. Bd3 Re7 25. Bxb4 Rae8 26. Bxa5 Qe5 27. Bd2 Bh3
28. Be3 Qd5 29. Bf1 Bxf1 30. Rxf1 Qf3 31. Ra2 h5 32. Qe2 Qxe2 33. Rxe2 Re5 34.
Rd2 Kh7 35. Rd6 R8e6 36. Rfd1 g6 37. Rxe6 Rxe6 38. Rd7 Kg7 39. Bf4 Kf6 40. Bd6
1-0

[Event "QA-ANNIV-01"]
[Site "http://www.queenalice.com/game.php?id=206298"]
[Date "2007.5.5"]
[Round "8"]
[White "swmorgana"]
[Black "Austin"]
[Result "0-1"]
[WhiteElo "1413"]
[BlackElo "1119"]

1. e4 e5 2. Nf3 Nc6 3. Nc3 Nf6 4. Bc4 Bc5 5. d4 exd4 6. Na4 Bb4+ 7. c3 dxc3 8.
bxc3 Ba5 9. Ng5 O-O 10. O-O h6 11. Nf3 Nxe4 12. Rb1 Nxc3 13. Nxc3 Bxc3 14. Qd3
Qf6 15. Rb5 Nb4 16. Qe4 c6 17. Rxb4 Bxb4 18. a3 d5 19. Bxd5 Bc3 20. Bc4 Bf5 21.
Qf4 Rad8 22. Nh4 Be5 23. Qf3 Qxh4 24. g3 Qxc4 25. Qxf5 Rfe8 26. Be3 g6 27. Qh3
h5 28. f4 Bd4 29. Bf2 Bxf2+ 30. Rxf2 Re1+ 31. Kg2 Qe4+ 32. Rf3 Rd2# 0-1

[Event "QA-ANNIV-01"]
[Site "http://www.queenalice.com/game.php?id=236150"]
[Date "2007.7.7"]
[Round "9"]
[White "Austin"]
[Black "miguel"]
[Result "1-0"]
[WhiteElo "1155"]
[BlackElo "1683"]

1. e4 e5 2. Nf3 Nc6 3. Bc4 Nf6 4. O-O Be7 5. d4 d6 6. d5 Na5 7. Be2 Nxe4 8. b4
c6 9. bxa5 Qxa5 10. dxc6 bxc6 11. Nbd2 Nc3 12. Nc4 Qa4 13. Nb2 Qa5 14. Qe1 Nxe2+
15. Qxe2 Ba6 16. c4 Qc3 17. Be3 Rb8 18. Rab1 e4 19. Nd4 c5 20. Nd1 1-0